Zahraničně-obchodní atlas Španělsko

Politicko-ekonomická situácia v Španielsku od r. 1975. Obchodno-diplomatické vzťahy s Českom. Vzájomný obchod s Českom (1993 - 1996). Príležitosti pre české firmy. Adresy zastupiteľstiev.

Salvato in:
Dettagli Bibliografici
Autore principale: Kotapišová, Lada
Natura: Libro
Lingua:ceco
Soggetti:
Tags: Aggiungi Tag
Nessun Tag, puoi essere il primo ad aggiungerne!!

MARC

LEADER 00000nam a2200000 4500
001 r030401
005 20230920094640.9
041 0 |a cze 
044 |a CZ 
245 1 0 |a Zahraničně-obchodní atlas  |b Španělsko  |c Lada Kotapišová 
520 |a Politicko-ekonomická situácia v Španielsku od r. 1975. Obchodno-diplomatické vzťahy s Českom. Vzájomný obchod s Českom (1993 - 1996). Príležitosti pre české firmy. Adresy zastupiteľstiev. 
610 2 0 |a obchod zahraničný 
610 2 0 |a Španielsko 
610 2 0 |a situácia hospodárska 
610 2 0 |a politika vnútorná 
610 2 0 |a spolupráca hospodárska medzinárodná 
610 2 0 |a Česko 
610 2 0 |a dovoz 
610 2 0 |a vývoz 
610 2 0 |a ukazovatele ekonomické 
100 1 |a Kotapišová, Lada